Countries with -er Demonyms - Statistics

General Stats
  • This quiz has been taken 12 times
  • The average score is 15 of 25
Answer Stats
Hint Answer % Correct
Europe(Country) Liechtensteiner
100%
Oceania(Country) New Zealander
100%
Europe(Country) Icelander
90%
Europe(Country) Luxembourger
90%
Africa(Unrecognized Country) Somalilander
90%
Asia (Territory) Christmas Islander
80%
Asia(Special Administrative Region) Hongkonger
80%
Oceania(Country) Solomon Islander
80%
Asia (Territory) Cocos Islander
70%
South America(Territory) Falkland Islander
70%
North America(Territory) Greenlander
70%
Oceania(Territory) Cook Islander
60%
Europe(Country) Netherlander
60%
South America(Country) Surinamer
60%
Antarctica(Territory) Bouvet Islander
50%
North America(Territory) British Virgin Islander
50%
South America(Territory) South Sandwich Islander
50%
North America(Territory) United States Virgin Islander
50%
Oceania(Territory) Norfolk Islander
40%
Europe(Territory) Ålander
30%
Antarctic(Territory) Heard Islander
30%
Antarctic(Territory) McDonald Islander
30%
Oceania(Territory) Pitcairn Islander
30%
South America(Territory) South Georgia Islander
30%
Oceania(Territory) Walis and Futuna Islander
10%
No matching quizzes found
Score Distribution
Percent of People with Each Score
Percentile by Number Answered
Your Score History
You have not taken this quiz